• 首页
  • 本馆介绍
  • 公告通知
  • 最新文献
  • 馆藏检索
  • 电子资源
  • 读者导购
  • 参考咨询
  • 我的图书馆
  • 登录
  • 详细信息显示
  • 放入我的书架
  • 预约/预借图书
  • 作者相关作品
  • 分类相关作品
  • 丛书相关作品
  • 出版社相关作品

书目信息

  • 表格格式
  • 工作单格式
  • 卡片格式
题名:
马克思主义哲学中国化实践研究
    
 
作者: 杜学礼 著
分册:  
出版信息: 北京   中国水利水电出版社  2015
页数: 179页
开本: 24cm
丛书名:
单 册:
中图分类: B27
科图分类:
主题词: 马克思主义哲学--发展--研究--中国
电子资源:
ISBN: 978-7-5170-2672-3
000 00950nam0 2200229 450
001 012001000367
005 20140920091301.0
010    @a978-7-5170-2672-3@dCNY36.00
100    @a20151101d2015 em y0chiy50 ea
101 0  @achi
102    @aCN@b110000
105    @ay z 000yy
106    @ar
200 1  @a马克思主义哲学中国化实践研究@9Ma Ke Si Zhu Yi Zhe Xue Zhong Guo Hua Shi Jian Yan Jiu@f杜学礼著
210    @a北京@c中国水利水电出版社@d2015
215    @a179页@d24cm
330    @a本书从两个方面介绍了马克思主义哲学中国化的实践经验,一是以马克思主义哲学中国化的成果为线,系统介绍了马克思主义哲学中国化的两大历史成果:毛泽东思想和中国特色社会主义理论体系;二是以马克思主义哲学在当代社会发展的热点问题为线,介绍了马克思主义哲学中国化的经验、发展问题和理论创新三个方面。
606 0  @a马克思主义哲学@x发展@x研究@y中国
690    @aB27@v5
701  0 @a杜学礼@9Du Xue Li@4著
801  0 @aCN@b上海新华@c20180901
905    @b1150244-48@dB27@e120@f5
    
    马克思主义哲学中国化实践研究/杜学礼著.-北京:中国水利水电出版社,2015
    179页;24cm
    
    
    ISBN 978-7-5170-2672-3:CNY36.00
    本书从两个方面介绍了马克思主义哲学中国化的实践经验,一是以马克思主义哲学中国化的成果为线,系统介绍了马克思主义哲学中国化的两大历史成果:毛泽东思想和中国特色社会主义理论体系;二是以马克思主义哲学在当代社会发展的热点问题为线,介绍了马克思主义哲学中国化的经验、发展问题和理论创新三个方面。
●
相关链接 在E读中查询图书 在五车中查询图书 在当当中查询图书 在豆瓣中查询图书


正题名:马克思主义哲学中国化实践研究     索取号:B27/120         预约/预借

序号 登录号 条形码 馆藏地/架位号 状态 备注
1 1150244   211502444   第一样本阅览室/ [索取号:B27/120] 在馆    
2 1150245   211502453   第一借阅区/ [索取号:B27/120] 在馆    
3 1150246   211502462   第一借阅区/ [索取号:B27/120] 在馆    
4 1150247   211502471   第一借阅区/ [索取号:B27/120] 在馆    
5 1150248   211502480   第一借阅区/ [索取号:B27/120] 在馆    
唐山师范学院图书馆 欢迎您!
大连网信软件有限公司© 版权所有